| 000 | 00000nam##2200000za#4500 |
| 001 | 9.700376 |
| 003 | CaOODSP |
| 005 | 20210625000815 |
| 007 | cr ||||||||||| |
| 008 | 150407|1997||||xxc|||||o f|0| 0 eng|d |
| 040 | |aCaOODSP|beng |
| 043 | |an-cn--- |
| 086 | 1 |aCP32-64/3-1997E-PDF |
| 110 | 1 |aCanada. |bCommission of Inquiry into the Deployment of Canadian Forces to Somalia. |
| 245 | 10|aViolence and racial prejudice in the context of peacekeeping : |h[electronic resource]|ba study prepared for the Commission of Inquiry into the Deployment of Canadian Forces to Somalia / |c[by] Jean-Paul Brodeur. |
| 260 | |aOttawa - Ontario : |bCommission of Inquiry into the Deployment of Canadian Forces to Somalia |cc1997. |
| 300 | |a356p.|btables |
| 500 | |a[Digitized, 2014]. The catalogue number (CP32-64/3-1997E) and ISBN (0-660-16870-7) for the print edition have been copied in this electronic publication. |
| 590 | |a15-03-Supp|b2015-03-13 |
| 690 | 07|aArmed forces|2gcpds |
| 690 | 07|aPeacekeeping|2gcpds |
| 690 | 07|aRacial discrimination|2gcpds |
| 775 | 08|tViolence et préjugés raciaux dans les missions de maintien de la paix : |w(CaOODSP)9.644272 |
| 776 | 0#|tViolence and racial prejudice in the context of peacekeeping : |w(CaOODSP)9.646484 |
| 856 | 40|ahttp://publications.gc.ca|qPDF|s163.07 MB|uhttps://publications.gc.ca/collections/collection_2015/bcp-pco/CP32-64-3-1997-eng.pdf |